| 000 | 01270cam a2200361 a 4500 | ||
|---|---|---|---|
| 001 | 15271999 | ||
| 005 | 20140129131344.0 | ||
| 008 | 080422t2009 xxua frb 001 0 eng d | ||
| 010 | _a2008018252 | ||
| 020 | _a9780073397894 (hard copy : alk. paper) | ||
| 020 | _a007339789X (hard copy : alk. paper) | ||
| 020 | _a9780072432503 (hbk.) | ||
| 020 | _a0072432500 (hbk.) | ||
| 020 | _a9780071121866 (pbk.) | ||
| 020 | _a0071121862 (pbk.) | ||
| 035 | _a(OCoLC)ocn226308145 | ||
| 040 |
_aDLC _cDLC _dUKM _dBAKER _dYDXCP _dBTCTA _dC#P _dBWX _dDLC |
||
| 082 | 0 | 4 |
_a660.2815 _222 _bLEB |
| 100 | 1 |
_aLeBlanc, Steven E. _934973 |
|
| 245 | 1 | 0 |
_aProcess systems analysis and control / _cSteven E. LeBlanc, Donald R. Coughanowr. |
| 250 | _a3rd ed. | ||
| 260 |
_aBoston, United States : _bMcGraw-Hill Higher Education, _cc.2009 _f(Acid-Free Paper) |
||
| 300 |
_axx, 602 p. : _bill. ; _c24 cm. |
||
| 490 | 1 | _aMcGraw-Hill chemical engineering series | |
| 500 | _aIndex : p. 599-602. | ||
| 504 | _aBibliography : p. 597-598. | ||
| 650 | 0 |
_aChemical process control _911421 |
|
| 653 |
_bChe _cJanuary2014 |
||
| 655 |
_vreading book _934232 |
||
| 700 | 1 |
_aCoughanowr, Donald R. _934975 |
|
| 830 | 0 |
_aMcGraw-Hill chemical engineering series _934977 |
|
| 942 |
_2ddc _k660.2815 LEB |
||
| 999 |
_c17987 _d17959 |
||